La vie de lazarillo de tormes /

Guardado en:
Formato: Libro
Publicado: Paris : Aubier, 1958
Materias:
Etiquetas: Agregar Etiqueta
Sin Etiquetas, Sea el primero en etiquetar este registro!
LEADER 00477nam a22001575a 4500
001 EHU.bham008721
003 AR-BHAM
005 20100107142902.0
008 130507s1958##################000#0#####d
082 8 6 |a 863.3 
245 0 0 |a La vie de lazarillo de tormes /  |c  . 
260 |a Paris :  |b Aubier,  |c 1958 
300 |a 220 p. 
500 |a Trad. De A. Morel-fatio, Introd. De M.bataillon 
653 |a Novela espaÑola-1517-1700 
859 |a AR-BHAM  |b BIB. HUMANIDADES - General  |h 863.3  |i L456  |p 219.64  |t Ej.1